đàm phán trong kinh doanh quốc tế

Na minha lista:
Detalhes bibliográficos
Autor principal: ĐOÀN THỊ HỒNG VÂN
Formato: Livro
Idioma:Undetermined
Publicado em: Tp. HCM Thống Kê 2001
Assuntos:
Tags: Adicionar Tag
Sem tags, seja o primeiro a adicionar uma tag!
Thư viện lưu trữ: Trung tâm Học liệu Trường Đại học Cần Thơ
LEADER 00532nam a2200169Ia 4500
001 CTU_45526
008 210402s9999 xx 000 0 und d
082 |a 658.4052 
082 |b V121 
100 |a ĐOÀN THỊ HỒNG VÂN 
245 0 |a đàm phán trong kinh doanh quốc tế 
245 0 |c ĐOÀN THỊ HỒNG VÂN 
260 |a Tp. HCM 
260 |b Thống Kê 
260 |c 2001 
650 |a international economic relations,negotiation in business 
980 |a Trung tâm Học liệu Trường Đại học Cần Thơ